| 000 | 00565nam a22001817a 4500 | ||
|---|---|---|---|
| 999 |
_c205222 _d205222 |
||
| 005 | 20201204165152.0 | ||
| 008 | 201020b ||||| |||| 00| 0 eng d | ||
| 020 | _a906832134X | ||
| 040 | _cLC | ||
| 050 |
_aHV 41.2 _bWIL 2001 |
||
| 100 | _aWilson, Elizabeth Westman | ||
| 245 |
_aBuilding fundraising programs to attract community support / _cElizabeth Westman Wilson |
||
| 260 |
_aAmsterdam : _bKIT Publishers, _c2001. |
||
| 300 |
_av, 279 pages : _billustrations. |
||
| 504 | _aIncludes bibliographical references | ||
| 650 | _aFundraising | ||
| 942 | _cBOOK | ||